00597nam a22001817a 450000500170000001000150001702000260003203500130005803700130007108200120008410000230009624501050011926000380022427000520026230000280031450000530034270000200039520230522115358.0 aENG-115476 a9789381384589c120.00 aEN-99008 bDBAD/PUB a610.954 aSharma,Shiv Charan aKitchen clinic :b home remedies for common ailments /cby Shiv Charan Sharma [and] syed Aziz Ahmad aNew DelhibV & S Publishersc2016 aF-2/16,Ansari Road,DaryaganjbNew Delhie110002 a126p. :c22cm(pbk)bill aIncludes Glossary and bibliographical references aSyed Aziz Ahmad